=LDR 00000nam 2200000 4500 =001 INLIS000000000810580 =005 20260610081845 =035 ##$$a 0010-0626000017 =007 ta =008 260610################g##########0#ind## =020 ##$$a 9786238463213 =082 ##$$a 170 =084 ##$$a 170 PAK a =100 #$$a Paksi Raras Alit =245 1#$$a Ajaran Bahagia Dari Jawa : $b Filosofi untuk Hidup Tenang Dan Legawa =250 ##$$a Cet 2 =260 ##$$a Sleman :$b Buku Mojok,$c 2025 =300 ##$$a viii + 206 hlm : $b ilustrasi ; $c 13 x 19 cm =600 #4$$a Etika (Filsafat Moral) =500 ##$$a Buku ini merupakan hibah dari santri kelas XII Angkatan 3 =990 ##$$a 00000005535 =990 ##$$a 00000005536